Arrendamientos rústicos, su actual regulación, comentarios y jurisprudencia (Record no. 31041)

MARC details
000 -LEADER
campo de control de longitud fija 00584nam a2200157 i 4500
001 - NÚMERO DE CONTROL
campo de control 31041
003 - IDENTIFICADOR DE NÚMERO DE CONTROL
campo de control ES-MaACL
005 - FECHA Y HORA DE LA ÚLTIMA TRANSACCIÓN
campo de control 20230906154310.0
007 - CAMPO FIJO DE DESCRIPCIÓN FÍSICA--INFORMACIÓN GENERAL
campo de control de longitud fija t|
008 - DATOS DE LONGITUD FIJA--INFORMACIÓN GENERAL
campo de control de longitud fija 030128s1942 sp ||||1| spa d
100 1# - ENTRADA PRINCIPAL--NOMBRE DE PERSONA
Nombre de persona Bellón Gómez, Ildefonso.
9 (RLIN) 27267
245 10 - MENCIÓN DEL TÍTULO
Título Arrendamientos rústicos, su actual regulación, comentarios y jurisprudencia
Resto del título : leyes de 15 de marzo de 1935, 28 de junio de 1940 y 23 de julio de 1942... /
Mención de responsabilidad, etc. Ildefonso Bellón Gómez.
260 ## - PUBLICACIÓN, DISTRIBUCIÓN, ETC.
Lugar de publicación, distribución, etc. [Madrid] :
Nombre del editor, distribuidor, etc. Editora Nacional,
Fecha de publicación, distribución, etc. 1942 (
Fabricante Sèz)
300 ## - DESCRIPCIÓN FÍSICA
Extensión 405 p. ;
Dimensiones 22 cm.
852 ## - LOCALIZACIÓN
Ubicación ES-MaACL
Número de control de estantería B-10767
Sublocalización o colección R.22479
Holdings
Estatus retirado Estado de pérdida Estado de daño No para préstamo Biblioteca de origen Biblioteca actual Ubicación en estantería Fecha de adquisición Fuente de adquisición Total de préstamos Signatura topográfica completa Código de barras Visto por última vez Precio de reemplazo Tipo de ítem Koha
        Biblioteca del Ateneo de Madrid Biblioteca del Ateneo de Madrid Sala Pardo Bazán 17/01/2008     B-10767 1032068 23/02/2023 23/02/2023 Libro impreso